|
|
|
|
| LEADER |
00000nam0a2200000 4500 |
| 001 |
121975 |
| 005 |
20231031125805.0 |
| 035 |
|
|
|a (RuTPU)RU\TPU\book\132087
|
| 090 |
|
|
|a 121975
|
| 100 |
|
|
|a 20070924d1973 m y0rusy50 ca
|
| 101 |
0 |
|
|a rus
|
| 102 |
|
|
|a RU
|
| 105 |
|
|
|a a j 001zy
|
| 200 |
1 |
|
|a Техническая термодинамика и тепловые двигатели
|e учебник для втузов
|f С. В. Бальян
|
| 205 |
|
|
|a 2-е изд., перераб. и доп.
|
| 210 |
|
|
|a Ленинград
|c Машиностроение
|d 1973
|
| 215 |
|
|
|a 302 с.
|c ил.
|
| 320 |
|
|
|a Список литературы: с. 297.
|
| 610 |
1 |
|
|a техническая термодинамика
|
| 610 |
1 |
|
|a учебники
|
| 610 |
1 |
|
|a тепловые двигатели
|
| 610 |
1 |
|
|a газы
|
| 610 |
1 |
|
|a пар
|
| 610 |
1 |
|
|a компрессоры
|
| 610 |
1 |
|
|a теплосиловые установки
|
| 610 |
1 |
|
|a паровые турбины
|
| 610 |
1 |
|
|a газовые турбины
|
| 610 |
1 |
|
|a конструкции
|
| 610 |
1 |
|
|a двигатели внутреннего сгорания
|
| 610 |
1 |
|
|a теория истечения
|
| 675 |
|
|
|a 621.1.016.7(075.8)
|v 3
|
| 675 |
|
|
|a 621.4(075.8)
|v 3
|
| 700 |
|
1 |
|a Бальян
|b С. В.
|g Саркис Ваганович
|
| 801 |
|
1 |
|a RU
|b 63413507
|c 20070924
|g PSBO
|
| 801 |
|
2 |
|a RU
|b 63413507
|c 20191218
|g PSBO
|
| 942 |
|
|
|c BK
|